[Event "Stay Safe Play From Home 184"]
[Site "T#646426Emanuel Laske"]
[Date "2020.05.29"]
[Round "1"]
[White "Eidgenosse"]
[Black "The Next Contender"]
[Result "1-0"]
[WhiteElo "2483"]
[BlackElo "2028"]
[Annotator "TA"]
[PlyCount "75"]
[EventDate "2020.05.29"]
[EventType "swiss (blitz)"]

{[%evp 20,75,0,0,31,0,0,-88,16,22,66,7,304,136,386,130,152,43,112,112,265,12,6,6,139,7,301,0,363,302,319,261,588,588,588,587,751,294,272,35,35,18,23,20,418,86,80,81,213,221,150,180,727,729,1439,1434,1809,1388]} 1. Nf3 d5 2. e3 c5 3. c4 e6 4. d4 Nf6 5. Nc3 cxd4 6. exd4 Bb4 7. Bd3 O-O 8. O-O dxc4 9. Bxc4 Nc6 10. Bg5 Be7 11. Re1 h6 {B14: Caro-Kann: Panov-Botvinnik Attack with 5...e6 and 5...g6.} 12. Bh4 b6 13. Qe2 (13. a3 $11 {remains equal.}) 13... Bb7 (13... Nxd4 $17 14. Nxd4 Qxd4 15. Bxf6 Bxf6) 14. Rad1 $11 {[#]} Re8 $146 ({Predecessor:} 14... Nd5 15. Bxd5 Bxh4 16. Be4 Re8 17. d5 exd5 18. Nxd5 Bf6 19. Qb5 Rc8 20. Nc3 Nd4 21. Nxd4 Bxe4 22. Nf3 Bc6 23. Rxd8 Rexd8 24. Qf5 {1-0 (24) Schreiner,T (2276)-Schnider,G (2419) Graz 2017}) 15. a3 ({Better is} 15. Bxe6 $14 Bd6 16. d5) 15... Nh7 $2 {[%mdl 8192]} (15... Nd5 $11 16. Bxd5 exd5) 16. Bg3 (16. d5 $18 exd5 17. Bxd5 Bxh4 18. Bxf7+ $1 {[%mdl 576] Discovered Attack, Decoy} Kxf7 19. Qc4+ {[%mdl 64] Double Attack} Kf8 20. Rxd8 Raxd8 21. Rxe8+ Rxe8 22. Qxh4) 16... Bd6 $2 (16... Ng5 $16) 17. Ne5 $2 (17. Bxd6 $18 {is the precise move to win.} Qxd6 18. d5 exd5 19. Qxe8+ (19. Rxd5 Qf8 $11) 19... Rxe8 20. Rxe8+ Nf8 21. Nxd5) 17... Qe7 $16 18. Ba2 (18. Nb5 $16 Bb8 19. Nxc6 Bxc6 20. d5 Bxb5 21. Bxb5 Bxg3 22. Bxe8 (22. fxg3 Red8 $16) 22... Bxf2+ 23. Qxf2 Rxe8 24. Qc2) 18... Nxe5 (18... Rad8 $14) 19. dxe5 Bc5 $2 (19... Bc7 $16) 20. Ne4 $2 (20. b4 $18) 20... Bxe4 $1 $11 21. Qxe4 {Threatens to win with b4.} Red8 (21... a5 $11 {keeps the balance.}) 22. h4 (22. b4 $16) 22... Nf8 $2 {[%mdl 8192]} (22... a5 $11) 23. Bb1 $2 (23. b4 $18) 23... Ng6 $2 {[%mdl 8192]} (23... Rxd1 $11 24. Rxd1 Rd8) 24. h5 Nf8 25. Bh4 f6 $2 (25... Qe8 26. Bxd8 Rxd8) 26. exf6 $18 gxf6 27. b4 Bd6 {[#]} 28. Qg4+ $2 (28. Rxd6 $1 {[%mdl 512]} Rxd6 29. Qxa8) 28... Qg7 29. Qxg7+ $2 (29. Qf3 $18 Be7 30. Rc1) 29... Kxg7 $14 30. g4 Be5 31. Kg2 $36 {[%mdl 2048] White is more active.} Nd7 $2 {[%mdl 8192] [#]} (31... Rxd1 $11 {and Black has nothing to worry.} 32. Rxd1 Rc8) 32. Bg3 $2 (32. f4 $1 $18 {[%mdl 512] and the rest is easy.}) 32... Bxg3 $16 33. Kxg3 Ne5 (33... Kf7 $16) 34. Rxd8 $18 Rxd8 35. f4 Nd3 $2 (35... Nc4) 36. Rd1 {White is clearly winning.} Nxb4 37. Rxd8 Nd5 38. Rxd5 {Accuracy: White = 27%, Black = 17%.} 1-0

[Event "Stay Safe Play From Home 184"]
[Site "T#646426Emanuel Laske"]
[Date "2020.05.29"]
[Round "1"]
[White "Tolka"]
[Black "Grizzzly"]
[Result "1-0"]
[WhiteElo "2263"]
[BlackElo "1730"]
[Annotator "TA"]
[PlyCount "65"]
[EventDate "2020.05.29"]
[EventType "swiss (blitz)"]

{[%evp 9,65,26,35,-4,-4,0,0,-4,6,13,112,0,0,0,-1,-11,14,0,0,0,0,0,6,0,0,0,0,0,0,0,0,-21,93,96,99,89,89,96,103,102,102,108,257,253,350,259,290,287,287,275,286,272,297,279,277,285,274,0]} 1. e4 e6 2. d4 d5 3. exd5 exd5 4. Nf3 c6 5. Bd3 Nf6 6. Qe2+ {C01: French: Exchange Variation.} Be7 7. O-O O-O 8. Re1 {The position is equal.} Re8 {White must now prevent ...Bb4.} 9. Bg5 {[#] Threatens to win with Bxf6.} Bg4 $146 {[#]} (9... Be6 $11) ({Predecessor:} 9... Be6 10. Nc3 h6 11. Bf4 Nh5 12. Bd2 Nd7 13. h3 Bd6 14. Ne5 Qh4 {0-1 (54) Ryska,J (2118)-Schwarz,R (2207) ICCF email 2015}) 10. Nbd2 ({White must play} 10. Bxf6 $1 $16 gxf6 11. Qe3) 10... Nbd7 $11 11. h3 Bh5 12. Qf1 Bg6 13. Ne5 Bxd3 14. Qxd3 h6 15. Bf4 Nxe5 16. Bxe5 Bd6 17. Nf3 Bxe5 18. Nxe5 Ne4 19. f3 $36 {[%mdl 2048] White is pushing.} Nd6 20. Re2 Nc4 (20... f6 $11 {keeps the balance.} 21. Ng6 Rxe2 22. Qxe2 Qe8 23. Qxe8+ Rxe8) 21. Nxc4 $16 {[#] aiming for Ne3.} dxc4 22. Rxe8+ Qxe8 23. Qxc4 {[%mdl 4096] Endgame KQR-KQR} Rd8 24. Kf2 Qd7 25. c3 c5 {Black cannot hold the game after this.} (25... b5 $16 26. Qd3 c5) 26. Qxc5 $18 {White has a decisive advantage.} Rc8 27. Qe5 Qc6 28. Re1 Qb6 29. Qe2 Qc6 30. Kg1 Qf6 31. Kh1 Qf4 32. Qe3 Qg3 33. Qe2 $2 {[%mdl 32768] Accuracy: White = 80%, Black = 57%. . Loss on time!?} (33. Qe7 $18) 1-0

[Event "Stay Safe Play From Home 184"]
[Site "T#646426Emanuel Laske"]
[Date "2020.05.29"]
[Round "1"]
[White "Weltszmerc"]
[Black "Broken sword"]
[Result "0-1"]
[WhiteElo "2052"]
[BlackElo "2492"]
[Annotator "TA"]
[PlyCount "100"]
[EventDate "2020.05.29"]
[EventType "swiss (blitz)"]

{[%evp 9,100,4,0,-13,0,0,17,-2,1,-2,2,-13,0,-3,0,-54,-15,-24,1,0,4,-2,20,15,41,38,33,36,43,39,211,10,10,-16,30,-95,-73,-156,-156,-152,-152,-305,-318,-314,-308,-847,-846,-1252,-1252,-1229,-1229,-1131,-362,-786,-473,-451,-390,-391,-367,-371,-327,-381,-57,-57,-57,-60,-44,-64,-44,-48,-39,-51,-22,-286,-271,-272,-281,-377,-27,-27,-27,-27,-27,-27,0,0,0,-62,-27,-385,-382,-285,-39]} 1. d4 d5 2. c4 c6 3. Nf3 Nf6 4. g3 Bf5 5. Qb3 Qb6 6. c5 {D11: Slav Defence: 3 Nf3 sidelines and 3...Nf6 4 e3 Bg4.} Qc7 7. Bg2 Nbd7 8. Bf4 {The position is equal.} Qc8 {[#]} 9. h3 $146 ({Predecessor:} 9. O-O e6 10. Nc3 Be7 11. Nd2 O-O 12. Kh1 Nh5 13. f3 Nxf4 14. gxf4 Bg6 15. e4 {½-½ (43) Cosmulescu,A (1944)-Sadhu,S (1784) Iasi 2013}) 9... e6 10. g4 Bg6 11. Nc3 Be7 12. Qa3 (12. Nh4 $11) 12... Bd8 13. b4 a6 14. O-O $36 {[%mdl 2048] White has good play.} Bc7 15. e3 Bxf4 16. exf4 O-O 17. Ne5 Nxe5 18. fxe5 Nd7 19. f4 Bd3 $2 (19... f6 $14) 20. Rf3 $2 (20. Nxd5 $1 $18 {Ne7+ is the strong threat.} exd5 21. Qxd3) 20... Bc4 $11 21. Rf2 f6 22. Re1 (22. exf6 $11 Rxf6 23. Qc1) 22... fxe5 $17 23. fxe5 (23. dxe5 $142 a5 24. Bf1) 23... Rxf2 24. Kxf2 Qf8+ 25. Kg1 $2 (25. Kg3 $17) 25... Qf4 $19 26. Rd1 {[#]} Rf8 $1 27. Qb2 $2 (27. Kh1) 27... Qe3+ 28. Kh1 Rf2 29. Qc1 Qg3 {[%csl Gf2][%cal Rg3g2]} 30. Rg1 {[#]} h6 $2 (30... Bf1 $1 {[%cal Rf1g2][%mdl 512]} 31. Qxf1 (31. Rxf1 Qxg2#) 31... Rxf1 32. Rxf1 Qxc3 {[%mdl 64] Double Attack}) 31. Qe1 $2 (31. Nd1 Rxa2 32. Qe3) 31... Qf4 32. Nd1 Rxa2 33. Qe3 Qxe3 34. Nxe3 Bd3 35. Re1 Re2 $2 (35... a5 $19 36. Rd1 Be2) 36. Rxe2 $15 Bxe2 {[%mdl 4096] Endgame KBN-KBN} 37. Kg1 Bd3 38. Kf2 Kf7 39. Bf1 Bxf1 40. Kxf1 {KN-KN} b6 41. Kf2 $2 {[%mdl 8192]} (41. cxb6 $1 $11 Nxb6 42. Ke2) 41... bxc5 $19 42. bxc5 a5 43. Nc2 Ke7 $2 (43... Kg6 $19 {Threatens to win with ...h5.} 44. Kg3 h5) 44. Ke3 Nf8 45. h4 Ng6 46. h5 Nh8 47. Kd3 Nf7 48. Na3 (48. Kc3 $11) 48... Ng5 (48... g6 $5 49. Nb1 (49. hxg6 Nd8 $17) 49... Ng5 50. hxg6 Ne4 $15) 49. Ke3 $2 {[%mdl 8192]} (49. Kc3 $11 {and White stays safe.}) 49... Ne4 50. Nb1 Kd7 $2 {Accuracy: White = 42%, Black = 53%.} ({Better is} 50... Kf7 $19 51. Nd2 a4) 0-1

[Event "Stay Safe Play From Home 184"]
[Site "T#646426Emanuel Laske"]
[Date "2020.05.29"]
[Round "1"]
[White "SoulofWolf"]
[Black "Justwatch"]
[Result "1-0"]
[WhiteElo "2034"]
[BlackElo "1710"]
[Annotator "TA"]
[PlyCount "95"]
[EventDate "2020.05.29"]
[EventType "swiss (blitz)"]

{[%evp 9,94,4,8,-28,23,-48,-33,-62,-56,-46,-15,-113,14,-85,-93,-92,13,0,33,43,65,46,57,26,65,57,58,60,64,64,153,55,104,55,70,34,155,37,162,168,253,246,254,263,241,225,564,535,675,587,566,339,661,561,1430,1432,1415,1391,1301,717,1120,1050,1674,1479,1308,1079,29988,6295,29993,29994,29996,29997,29997,29998,29998,29997,29997,29998,29998,29999,29999,29999,29999,29998,29999,29999,29999]} 1. f4 Nf6 2. Nf3 d5 3. d3 Bg4 4. Nbd2 Bxf3 5. Nxf3 {[#]} e6 $146 ({Predecessor:} 5... Nbd7 6. g3 c6 7. Bg2 Qc7 8. c3 e6 9. b4 Bd6 10. Qc2 e5 11. fxe5 Nxe5 {0-1 (23) Fragel,M (1526)-Beeck,M (1766) Magdeburg 2012}) 6. b3 {A03: Bird's Opening with 1...d5.} c5 (6... Nc6 $142) 7. Bb2 (7. g3 $11) 7... Nc6 $15 8. e3 {Black is slightly better.} d4 9. e4 Qb6 10. h3 (10. Nd2 $11 {keeps the balance.}) 10... Qb4+ (10... Nh5 $1 $17 11. Bc1 Qc7) 11. Qd2 {[#]} (11. Nd2 $11) 11... Qxd2+ $1 $17 12. Kxd2 Be7 (12... Nh5 $17 13. Rg1 Nxf4) 13. g4 Nb4 14. a3 Na6 15. Be2 Nd7 16. h4 O-O-O 17. c3 $36 {[%mdl 2048] White has good play.} dxc3+ 18. Bxc3 f6 19. g5 Nb6 (19... Nc7 $14) 20. a4 ({White should play} 20. h5 $16) 20... Rhg8 21. a5 Nd7 22. Kc2 e5 (22... Rgf8 $14) 23. f5 (23. fxe5 $16 fxe5 24. Nxe5 Nxe5 25. Bxe5) 23... fxg5 {Black cannot hold the game after this.} ({Black should try} 23... Ndb8 $14) 24. hxg5 $18 c4 (24... h6 $142 25. f6 (25. gxh6 gxh6 26. Rxh6 Rg2 $16) 25... gxf6) 25. bxc4 Nb4+ 26. Bxb4 Bxb4 27. Rxh7 Nc5 $2 (27... a6 {is a better chance.} 28. g6 Be7) 28. Nxe5 Nxe4 29. Nf7 Rd7 30. g6 Nc5 $2 (30... Nf6 31. Bf3 Re7) 31. Rah1 a6 32. Rh8 Rxh8 33. Rxh8+ Kc7 34. Rg8 Na4 35. Rxg7 Bc5 36. Rh7 Bd4 37. Ng5 Re7 38. f6 (38. Rxe7+ $142 Kd8 {[#]} 39. g7 $1 {[%mdl 512]} Kxe7 40. g8=Q Nc5 41. Qf7+ Kd6 42. f6 Ke5 43. Qe7+ Kf5 44. f7) 38... Kd6 39. fxe7 {White mates.} Nc5 40. e8=Q Nd7 41. Qxd7+ Ke5 42. Nf3+ Kf4 43. Qxd4+ Kg3 44. Qh4+ Kg2 45. Nd2 {[%csl Gh7][%cal Rh4h2]} b6 46. Qh3+ Kg1 47. Qf3 {[%csl Gf3][%cal Rh7h1]} b5 48. Rh1# {Accuracy: White = 45%, Black = 19%.} 1-0

[Event "Stay Safe Play From Home 184"]
[Site "T#646426Emanuel Laske"]
[Date "2020.05.29"]
[Round "1"]
[White "Lucknow"]
[Black "Rogan"]
[Result "0-1"]
[WhiteElo "1901"]
[BlackElo "2251"]
[Annotator "TA"]
[PlyCount "64"]
[EventDate "2020.05.29"]
[EventType "swiss (blitz)"]

{[%evp 9,64,19,37,42,49,15,42,29,36,-30,-14,-27,-13,2,10,-40,9,12,6,0,4,5,16,6,22,16,45,0,0,0,18,0,0,-126,-114,-134,0,0,0,-111,65,-693,-708,-799,-800,-789,-770,-1038,-1020,-1031,-1034,-1002,-989,-972,-827,-1446,-1452]} 1. d4 d5 2. c4 c6 3. Nf3 Nf6 4. e3 Bg4 5. Bd3 Bxf3 6. Qxf3 {D11: Slav Defence: 3 Nf3 sidelines and 3...Nf6 4 e3 Bg4.} e6 {[#]} 7. Qe2 $146 ({Predecessor:} 7. O-O Be7 8. Nc3 O-O 9. Rd1 Nbd7 10. e4 dxe4 11. Nxe4 Nxe4 12. Qxe4 Nf6 13. Qf3 Re8 {½-½ (25) Paunovic,D (2533)-Campora,D (2522) Figueira da Foz 2009}) 7... Nbd7 8. O-O {White is slightly better.} Bd6 9. e4 (9. c5 $14 Bc7 10. f4) 9... dxe4 $11 10. Bxe4 Qc7 11. h3 O-O 12. Nd2 Nxe4 13. Nxe4 Be7 14. Nd2 Nf6 15. Nf3 Rad8 16. Be3 Rd7 17. Rfd1 Rfd8 18. Rd2 (18. Ne5 $5 {[%cal Re5d7]}) 18... c5 19. Rad1 cxd4 20. Nxd4 a6 21. b3 (21. Nf3 $11 {remains equal.}) 21... Ne4 $36 {[%mdl 2048] And now ...Nc3 would win. Black is on the roll.} 22. Rd3 {[#]} Nc5 ({Better is} 22... Bb4 $1 $17 {White must now prevent ...Nc3.} 23. Nxe6 fxe6) 23. R3d2 $11 Ne4 (23... Qa5 $11) 24. Rd3 $17 {[#]} e5 $2 ({Black should try} 24... Bb4 $1 $17 {Threatens to win with ...Nc3.} 25. Nxe6 Rxd3 26. Rxd3 fxe6) 25. Nf3 $2 {[%mdl 8192] [#] Loses the game.} (25. Nf5 $14 Rxd3 26. Rxd3 Rxd3 27. Qxd3 (27. Nxe7+ Qxe7 28. Qxd3 Nf6 $14)) 25... Nc3 $1 $19 {[%cal Rc3e2][%mdl 576] Double Attack. Black is clearly winning.} 26. Qc2 (26. Rxc3 Rxd1+) 26... Nxd1 27. Rxd7 Qxd7 28. Nxe5 Nxe3 29. fxe3 Qd1+ 30. Qxd1 Rxd1+ 31. Kf2 Bd6 32. Kf3 Bxe5 {Accuracy: White = 55%, Black = 70%.} 0-1

[Event "Stay Safe Play From Home 184"]
[Site "T#646426Emanuel Laske"]
[Date "2020.05.29"]
[Round "1"]
[White "Trotsky"]
[Black "Little champs"]
[Result "0-1"]
[WhiteElo "1563"]
[BlackElo "2105"]
[Annotator "TA"]
[PlyCount "70"]
[EventDate "2020.05.29"]
[EventType "swiss (blitz)"]

{[%evp 12,70,0,-4,18,6,52,-25,-20,-26,7,-25,0,-246,-283,-278,-227,-302,-285,-275,-277,-542,-555,-563,-559,-503,0,-18,33,22,509,491,489,-59,-50,-313,-22,-182,-95,-96,-91,-330,-330,-327,29996,-1261,-1175,-1378,-1370,-1588,-1610,-1362,-1350,-6520,-6210,-5227,-4783,-29987,-29981,-29981,-5622]} 1. d4 d5 2. e3 c6 3. c4 g6 4. Nc3 Bg7 5. Bd3 Nf6 6. Qc2 O-O 7. Nf3 dxc4 {D94: Grünfeld: 4 Nf3 Bg7 5 e3.} 8. Bxc4 a6 {[#]} (8... c5 $5) 9. Ng5 $146 (9. e4 $14) ({Predecessor:} 9. Bd2 b5 10. Be2 Bb7 11. O-O Nbd7 12. b4 Nd5 13. Nxd5 cxd5 14. a4 bxa4 15. Qxa4 {1-0 (41) Pimentel,R (1919)-Van Riemsdijk,D (2014) Sao Paulo 2016}) 9... b5 {Black has an edge.} 10. Bd3 a5 11. h4 h6 12. Bxg6 $2 (12. Nf3 $11 {and White is okay.}) 12... fxg6 $19 13. Qxg6 Qe8 14. Qc2 hxg5 15. hxg5 Nh5 16. f3 $2 (16. Qb3+ {was called for.} e6 17. Qd1) 16... e5 17. g4 exd4 18. Rxh5 {Threatens to win with Qh7+.} dxc3 $2 (18... Rxf3 $19 19. Qe4 Qf7 20. exd4 Rf1+ 21. Kd2 Ra7) 19. Qh7+ $14 Kf7 20. g6+ $1 Ke7 $2 {[%mdl 8192]} (20... Kf6 $11 21. g5+ Ke7 22. Qxg7+ {[%mdl 64] Double Attack} Kd8) 21. Qxg7+ $18 Kd8 22. Qxc3 $2 ({Weaker is} 22. Rh7 Nd7 $11) ({White must play} 22. Re5 $1 $18 {[%cal Re5e8]} Be6 23. Rxe6 $1 {[%mdl 576] Deflection} Qxe6 24. Qxf8+ Kc7 25. e4) 22... Qxg6 $15 23. Rc5 $2 {[%mdl 8192]} ({White should play} 23. Rh8 $15 Rxh8 24. Qxh8+ Kc7 25. Qe5+ Kb7 26. Qe7+ Bd7 27. e4) 23... Bb7 $2 ({Better is} 23... Rxf3 $19 24. Bd2 Bxg4) 24. Bd2 $2 (24. e4 $11 {and White stays safe.}) 24... Rxf3 (24... Nd7 $19 {White must now prevent ...Qd6.} 25. O-O-O Rxf3) 25. O-O-O $17 {Threatening mate with Qh8+.} Nd7 $1 {[%cal Rd7c5]} 26. Qh8+ $2 (26. Be1 $17) 26... Kc7 $19 27. Qd4 Nxc5 $4 {[%mdl 8192] [#]} (27... Qe8 $19 28. Rh5 c5) 28. Bc3 $4 {[%mdl 8192]} (28. Bxa5+ $1 {[%mdl 512] is the narrow road to win.} Kb8 (28... Rxa5 29. Qd8#) 29. Qd8+ Ka7 30. Qb6+ {[%mdl 64] Double Attack} Kb8 31. Rd8#) 28... Ne6 29. Qe5+ Kb6 30. Bd4+ Nxd4 31. Qxd4+ Ka6 32. e4 Qg5+ 33. Kb1 Qxg4 34. Qc5 {[#]} Re3 $1 35. Rc1 (35. Qxe3 Qxd1+) 35... Rd3 {Accuracy: White = 19%, Black = 54%.} (35... Qxe4+ $142 36. Qc2 c5 37. Rd1 Re2 38. Rd6+ Ka7 39. Qxe4 Bxe4+ 40. Kc1 Rh8 41. Rd7+ Kb8 42. Rd1 Rc2+ 43. Kb1 Rhh2 44. Ka1 Rxb2 45. Rd8+ {[#]} Kc7 $1 {[%mdl 512]} 46. Rd7+ Kxd7 47. a3 Rb1#) 0-1

[Event "Stay Safe Play From Home 184"]
[Site "T#646426Emanuel Laske"]
[Date "2020.05.29"]
[Round "2"]
[White "Eidgenosse"]
[Black "SoulofWolf"]
[Result "1-0"]
[WhiteElo "2485"]
[BlackElo "2038"]
[Annotator "TA"]
[PlyCount "121"]
[EventDate "2020.05.29"]
[EventType "swiss (blitz)"]

{[%evp 9,121,20,33,15,119,107,143,61,110,105,102,106,208,202,199,156,321,318,325,325,318,410,324,178,185,204,500,489,483,458,470,0,474,0,531,516,496,267,281,267,281,270,256,268,337,304,328,305,299,263,371,295,376,365,358,304,368,326,391,363,493,515,669,673,691,689,666,661,791,671,647,650,1008,1003,1250,1277,1084,1045,7323,5824,29969,29964,29971,29972,29972,29972,6941,6613,29980,29981,29981,29982,29984,29985,29985,29984,29990,29985,29989,29989,29989,29990,29990,29991,29991,29989,29989,29990,29991,29991,29992,29993,29996,29997]} 1. Nf3 e6 2. e3 d5 3. c4 Be7 4. d4 c6 5. Nc3 Nd7 6. Qc2 {[#] A13: English Opening: 1...e6.} f6 $146 (6... Ngf6 $11) ({Predecessor:} 6... Ngf6 7. Be2 O-O 8. Bd2 Nb6 9. c5 Nbd7 10. O-O Qc7 11. a4 a6 12. Rfc1 e5 13. b4 Rb8 14. h3 h6 15. b5 a5 16. b6 Qd8 17. dxe5 Nh7 18. Bd3 Ng5 19. Nxg5 Bxg5 20. f4 Be7 21. Be2 {1-0 (21) Hanna,N-Sohad,A Beirut 2014}) 7. Bd3 Nh6 8. Bxh7 (8. cxd5 $16 exd5 9. e4 (9. Bxh7 Nf8 $16)) 8... f5 9. Bg6+ Kf8 10. Ne2 Qc7 (10... Bd6 $16) 11. Nf4 Nf6 12. Ng5 Qd6 $2 (12... Kg8 $16 13. Bd2 (13. Ngxe6 Bxe6 14. Nxe6 Qd7 $16) 13... Ne4) 13. c5 $18 Qb8 14. Nfxe6+ Bxe6 15. Nxe6+ Kg8 16. Bxf5 (16. Nf4 $142) 16... Nxf5 17. Qxf5 Kf7 $2 (17... Qc8) 18. Ng5+ Ke8 19. Qg6+ Kd7 20. Qf5+ Ke8 21. Ne6 $2 (21. Bd2 $18) 21... Rg8 $2 {[%mdl 8192]} (21... Kf7 $1 $11 22. Ng5+ Ke8) 22. Qg6+ Kd7 23. Qf7 (23. Nxg7 $142 b6 {[#]} 24. e4 $1 {[%mdl 512]} Rxg7 25. Qxg7 dxe4 26. Bg5) 23... Qe8 24. Qxe8+ Raxe8 25. Nf4 g5 26. Nd3 Ne4 27. Ne5+ Kc8 28. f3 Nf6 29. Bd2 Ref8 (29... Bxc5 $142 30. Nxc6 bxc6) 30. Bc3 Nh5 31. O-O-O Bf6 32. Rde1 Kc7 33. b4 Rd8 34. a4 {[%cal Ba2a4,Ba4b5][%mdl 32]} a6 {[#]} 35. b5 $1 axb5 36. Ba5+ Kc8 37. Bxd8 Rxd8 38. axb5 Ng7 39. f4 gxf4 40. exf4 Bxe5 41. Rxe5 cxb5 {[%mdl 4096] Endgame KRR-KRN} 42. h4 Rf8 43. g3 Nf5 44. Rxf5 Rxf5 {KR-KR} 45. h5 Rf8 46. h6 Kd7 47. h7 Rh8 48. g4 Ke7 49. g5 {White mates.} Kf7 50. f5 Kg7 51. g6 b4 52. Kb2 Kf6 53. Kb3 b6 54. Kxb4 bxc5+ 55. Kxc5 Rc8+ 56. Kxd5 Rd8+ 57. Kc4 Rc8+ 58. Kd3 Rh8 59. d5 Rd8 60. h8=Q+ {[%mdl 64] Double Attack} Kg5 61. Qxd8+ {Accuracy: White = 68%, Black = 34%.} 1-0

[Event "Stay Safe Play From Home 184"]
[Site "T#646426Emanuel Laske"]
[Date "2020.05.29"]
[Round "2"]
[White "Mepe_Nika"]
[Black "Tolka"]
[Result "0-1"]
[WhiteElo "2333"]
[BlackElo "2265"]
[Annotator "TA"]
[PlyCount "104"]
[EventDate "2020.05.29"]
[EventType "swiss (blitz)"]

{[%evp 9,103,16,10,-18,-16,-7,-15,-10,0,-10,-8,-22,-16,-80,-84,-82,-69,-83,-60,-127,-4,0,-2,-89,-97,-131,-58,-48,32,-36,-27,-83,-70,-90,-94,-98,0,-37,-31,-173,-166,-157,-8,-8,13,13,23,0,0,0,0,0,0,0,0,-143,-143,-466,-450,-662,-687,-712,-689,-1104,-1081,-29979,-29980,-29986,-29987,-29987,-29988,-29988,-29989,-29989,-29990,-29990,-29986,-29987,-29988,-29988,-29989,-29989,-29990,-29990,-29991,-29991,-29992,-29992,-29993,-29995,-29996,-29996,-29997,-29998,-29999,-29999]} 1. d4 d6 2. Nc3 e5 3. dxe5 dxe5 4. Qxd8+ Kxd8 5. Nf3 f6 {[#]} 6. Be3 $146 {A41: 1 d4 d6: Tartakower System and Modern Defence.} ({Predecessor:} 6. a3 Be6 7. e4 Nd7 8. Nd2 c6 9. Bc4 Bxc4 10. Nxc4 Kc7 11. Be3 Bc5 12. Ke2 Bxe3 13. Kxe3 {½-½ (36) Thys,H (1758)-Romang,J ICCF email 2018}) 6... c6 7. O-O-O+ Kc7 8. g3 {The position is equal.} Be6 9. Bg2 Nd7 10. Nd2 Bb4 11. f4 (11. Nce4 $11) 11... Bxc3 $1 $17 12. bxc3 Ne7 13. Nb3 Nd5 14. Bd2 ({White should play} 14. Nc5 $15 Nxc5 15. Bxc5) 14... b6 (14... N5b6 $17 15. Kb1 Nc4) 15. c4 $1 $11 {[%cal Rc4d5]} Ne7 16. Kb2 (16. c5 $11) 16... Bxc4 $17 17. e4 Bxb3 ({Better is} 17... Be2 $17 18. Rc1 Rhd8) 18. axb3 $15 Nc5 (18... Rad8 $15) 19. Bc3 (19. fxe5 $14 fxe5 20. Bc3) 19... Ng6 20. Bh3 (20. Rdf1 $11 {keeps the balance.}) 20... Rad8 21. Bf5 Rxd1 22. Rxd1 Rd8 (22... exf4 $17 23. gxf4 Nxf4) 23. Rxd8 (23. Ra1 {is more complex.} Kb7 24. b4 Nd7 25. Rd1 Kc7 26. Ra1) 23... Kxd8 24. Bxg6 (24. fxe5 $15 Nxe5 25. Bxe5 fxe5 26. Bxh7) 24... hxg6 $19 25. fxe5 fxe5 (25... Nxe4 $17 26. exf6 gxf6) 26. Bxe5 $11 {[%mdl 4096] Endgame KB-KN} Ne6 27. Kc3 g5 28. h4 gxh4 29. gxh4 {Black should prevent h5.} g6 30. Bf6+ Kd7 31. Kd3 Kd6 32. c4 {White is now going downhill.} (32. Bb2 $11) 32... Nc5+ $17 {[%mdl 64] [#] Double Attack} 33. Ke3 $2 {[%mdl 8192]} (33. Kc2 $17 {was the crucial defense.}) 33... Nxb3 $19 34. Kf4 (34. Kd3 $142 Nc5+ 35. Ke3) 34... Ke6 35. Kg5 {[#]} Kf7 $1 36. e5 {intending e6+!} Nc5 37. Bd8 Ne6+ {[%mdl 64] Double Attack. Black mates.} 38. Kh6 Nxd8 {KN-K3P} 39. Kg5 Ne6+ 40. Kg4 a5 41. Kf3 a4 42. Ke3 b5 {[%cal Bb6b5,Bb5b4,Bb4b3][%mdl 32]} 43. Kd3 b4 44. Kc2 c5 45. Kb2 a3+ 46. Kb3 Nd4+ 47. Ka2 Ke6 48. Kb1 b3 49. Ka1 Nc2+ 50. Kb1 a2+ 51. Kb2 a1=Q+ 52. Kxb3 Nd4# {Accuracy: White = 31%, Black = 70%.} 0-1